000 00218nam a22000857a 4500
008 140423b xxu||||| |||| 00| 0 eng d
020 _cAvailable
082 _22nd Edition
245 _aDesigning Network Security
_c Merike, Kaeo
999 _c23853
_d23853